=LDR 00000nam 2200000 4500 =001 INLIS000000000017973 =005 20130612113148 =008 ***********************************Ind** =035 ##$$0010-061300000017973 =041 ##$$a Ind =082 ##$$a 307.2 =090 ##$$a 307.2, Sar t =100 ##$$a Sarjadijaya, Lukman =245 ##$$a Transmigrasi, perubahan dan integrasi, erasional, Ir. Lukman Sardjadijaja, MMA =260 ##$$a 2004 $b Jakarta =300 ##$$a xiii, 105 hlm, 21 cm =650 ##$$a Transmigrasi =850 ##$$a NBPNMAT